Les titres de film avec un prénom (1) - Statistiques

Statistiques générales
  • Ce quiz a été pris 85 fois
  • Le résultat moyen est 20 sur 64
Statistiques - réponses
Année Réalisateur Indice Film % Correct
1965 Robert Stevenson M {Mary} Poppins
88%
1937 Christian-Jaque F {François} 1er
83%
1920 Ernst Lubitsch A {Anne} Boleyn
80%
1948 Victor Fleming J {Jeanne} d'Arc
80%
1965 Jean-Luc Godard P {Pierrot} le fou
67%
1960 Louis Malle Z {Zazie} dans le métro
64%
1964 Pier Paolo Pasolini M L'évangile selon Saint {Mathieu}
59%
1964 Bernard Borderie Z {Angélique}, marquise des anges
58%
1968 Norman Jewison T L'affaire {Thomas} Crown
58%
1982 Alan Palcula S Le choix de {Sophie}
58%
1956 Carmine Gallone M {Michel} Strogoff
58%
1968 Yves Robert A {Alexandre} le Bienheureux
56%
1971 Robert Altman J {John} McCabe
53%
1975 François Truffaut A L'histoire d'{Adèle} H.
53%
1968 Roman Polanski R {Rosemary}'s baby
52%
1977 Woody Allen A {Annie} Hall
47%
1963 Billy Wilder I {Irma} la Douce
47%
1977 Philippe de Broca J {Julie} pot-de-colle
47%
1976 Jean-Louis Bertuccelli F Docteur {Françoise} Gailland
42%
1975 Stelvio Massi M {Marc} la gachette
42%
1983 Eric Rohmer P {Pauline} à la plage
41%
1978 Claude Chabrol V {Violette} Nozières
41%
1976 Brian De Palma C {Carrie} au bal du diable
38%
1966 Woody Allen L {Lily} la tigresse
36%
1981 Uli Edel C Moi, {Christiane} F., 13 ans, droguée, prostituée
36%
1981 Jacques Monnet C {Clara} et les chics types
35%
1964 Alfred Hitchcock M Pas de printemps pour {Marnie}
32%
1983 John Carpenter C {Christine}
30%
1962 Agnès Varda C {Cléo} de 5 à 7
30%
1933 Rouban Mamoulian C La reine {Christine}
30%
1979 Roman Polanski T {Tess}
30%
1973 Hall Barlette J {Jonathan} Livingston, le goéland
27%
1974 Just Jaeckin E {Emmanuelle}
24%
1940 Alfred Hitchock R {Rebecca}
24%
1934 Marcel Pagnol A {Angèle}
23%
1932 Marc Allégret F {Fanny}
21%
1937 Pierre Colombier I {Ignace}
21%
1936 George Cukor M Le roman de {Marguerite} Gautier
21%
1972 Sydney Pollack J {Jeremiah} Johnson
20%
1962 Stanley Kubrick L {Lolita}
20%
1983 Maurice Dugowson S {Sarah}
20%
1950 Joseph Mankiewicz E {Eve}
18%
1931 Julien Duvivier D {David} Golder
15%
1983 Carlos Saura C {Carmen}
14%
1965 Luchino Visconti S {Sandra}
14%
1948 Yves Allégret D {Dédée} d'Anvers
12%
1962 Andreï Tarkovski I L'enfance d'{Ivan}
12%
1970 Tonino Valerii J Une jeune fille nommée {Julien}
12%
1958 Henri Verneuil M {Maxime}
9%
1970 Luis Bunuel T {Tristana}
9%
1956 Anatole Litvak A {Anastasia}
8%
1968 Roger Vadim B {Barbarella}
8%
1962 Joseph Losey E {Eva}
8%
1970 Jerzy Skolimowski G Les aventures du brigadier {Gérard}
8%
1947 Otto Preminger A {Ambre}
6%
1977 Robert Wise A {Audrey} Rose
6%
1937 Christian-Jaque J {Josette}
6%
1946 C. Autant-Lara S {Sylvie} et le fantôme
6%
1957 Billy Wikder A {Ariane}
5%
1946 Charles Vidor G {Gilda}
5%
1938 Maurice Tourneur K {Katia}
5%
1976 Claude Sautet M {Mado}
5%
1951 Albert Lewin P {Pandora}
3%
1943 Fernandel A {Adrien}
2%
Aucun quiz correspondant
Distribution des résultats
% des personnes avec chaque résultat
Percentile par nombre de réponses
Votre historique - résultats
Vous n’avez pas pris ce quiz